<?xml version="1.0" encoding="UTF-8"?><?xml-stylesheet type="text/xsl" href="static/style.xsl"?><OAI-PMH xmlns="http://www.openarchives.org/OAI/2.0/" xmlns:xsi="http://www.w3.org/2001/XMLSchema-instance" xsi:schemaLocation="http://www.openarchives.org/OAI/2.0/ http://www.openarchives.org/OAI/2.0/OAI-PMH.xsd"><responseDate>2026-04-13T04:53:22Z</responseDate><request verb="GetRecord" identifier="oai:www.recercat.cat:11351/13478" metadataPrefix="marc">https://recercat.cat/oai/request</request><GetRecord><record><header><identifier>oai:recercat.cat:11351/13478</identifier><datestamp>2025-10-24T10:58:34Z</datestamp><setSpec>com_2072_378068</setSpec><setSpec>com_2072_378040</setSpec><setSpec>col_2072_378090</setSpec></header><metadata><record xmlns="http://www.loc.gov/MARC21/slim" xmlns:dcterms="http://purl.org/dc/terms/" xmlns:xsi="http://www.w3.org/2001/XMLSchema-instance" xmlns:doc="http://www.lyncode.com/xoai" xsi:schemaLocation="http://www.loc.gov/MARC21/slim http://www.loc.gov/standards/marcxml/schema/MARC21slim.xsd">
   <leader>00925njm 22002777a 4500</leader>
   <datafield ind2=" " ind1=" " tag="042">
      <subfield code="a">dc</subfield>
   </datafield>
   <datafield ind2=" " ind1=" " tag="720">
      <subfield code="a">López-Contreras, Natalia</subfield>
      <subfield code="e">author</subfield>
   </datafield>
   <datafield ind2=" " ind1=" " tag="720">
      <subfield code="a">León Gómez, Brenda Biaani</subfield>
      <subfield code="e">author</subfield>
   </datafield>
   <datafield ind2=" " ind1=" " tag="720">
      <subfield code="a">HORNA-CAMPOS, OLIVIA JANETT</subfield>
      <subfield code="e">author</subfield>
   </datafield>
   <datafield ind2=" " ind1=" " tag="720">
      <subfield code="a">Medina-Perucha, Laura</subfield>
      <subfield code="e">author</subfield>
   </datafield>
   <datafield ind2=" " ind1=" " tag="720">
      <subfield code="a">Gonçalves, Alessandra Queiroga</subfield>
      <subfield code="e">author</subfield>
   </datafield>
   <datafield ind2=" " ind1=" " tag="720">
      <subfield code="a">Berenguera, Anna</subfield>
      <subfield code="e">author</subfield>
   </datafield>
   <datafield ind2=" " ind1=" " tag="720">
      <subfield code="a">Jacques Aviñó, Constanza</subfield>
      <subfield code="e">author</subfield>
   </datafield>
   <datafield ind2=" " ind1=" " tag="720">
      <subfield code="a">López-Jiménez, Tomàs</subfield>
      <subfield code="e">author</subfield>
   </datafield>
   <datafield ind2=" " ind1=" " tag="260">
      <subfield code="c">2025-08-05T08:59:26Z</subfield>
   </datafield>
   <datafield ind2=" " ind1=" " tag="260">
      <subfield code="c">2025-08-05T08:59:26Z</subfield>
   </datafield>
   <datafield ind2=" " ind1=" " tag="260">
      <subfield code="c">2025-01-26</subfield>
   </datafield>
   <datafield ind2=" " ind1=" " tag="520">
      <subfield code="a">COVID-19; Gender perspective; Health inequities; Lockdown; Mental health</subfield>
   </datafield>
   <datafield ind2=" " ind1=" " tag="520">
      <subfield code="a">Salut mental; Perspectiva de gènere; Persones dependents</subfield>
   </datafield>
   <datafield ind2=" " ind1=" " tag="520">
      <subfield code="a">Salud mental; Perspectiva de género; Personas dependientes</subfield>
   </datafield>
   <datafield ind2=" " ind1=" " tag="520">
      <subfield code="a">To analyze the sociostructural determinants associated with mental health problems during the lockdown period among populations residing in Brazil, Chile, Ecuador, Mexico, Peru, and Spain who lived with minors or dependents, approached from a gender perspective.&#xd;
&#xd;
A cross-sectional study was conducted in six participating countries via an adapted, self-managed online survey. People living with minors and/or dependents were selected. Multivariate logistic regression models were estimated to assess the associations between sociostructural variables and mental health problems (anxiety (GAD-7) and/or depression (PHQ-9)). The analyses were stratified by sex and country.&#xd;
&#xd;
Out of a total of 39,006 people, 18,040 reported living with minors and/or dependents (73% women). In all countries, women reported worse mental health, with Spain having a lower prevalence. The risks of mental health problems in women in most countries are associated with poor housing conditions and performing care work. University education was associated with a protective factor. For men, risks were related to being younger, worsening working conditions and concerns about living together at home.&#xd;
&#xd;
Women in Latin America who lived with dependents had worse outcomes than those in Spain did. It is necessary to develop intersectoral and social determinants strategies to prevent, protect and support the mental health of those who live with dependents and minors.&#xd;
&#xd;
OBJETIVO: Analizar los determinantes socioestructurales asociados a problemas de salud mental durante la primera ola del confinamiento en la población residente en Brasil, Chile, Ecuador, México, Perú y España que convivieron con personas dependientes desde una perspectiva de género. MéTODOS: Se realizó un estudio transversal mediante una encuesta adaptada y en línea autogestionada en los seis países participantes. Se seleccionaron a personas que convivían con personas menores y/o dependientes. Se calcularon modelos de regresión logística multivariante para evaluar la asociación entre las variables socioestructurales con problemas de salud mental (ansiedad (GAD-7) y/o depresión (PHQ-9)). Los análisis se estratificaron por sexo y país.&#xd;
&#xd;
De un total de 39.006 personas, 18.040 personas declararon convivir con personas menores y/o dependientes (73% mujeres). En todos los países las mujeres reportaron peor salud mental, siendo España con una prevalencia más baja. Los riesgos de problemas de salud mental en las mujeres de la mayoría de los países se asociaron a las malas condiciones de vivienda y realizar trabajos de cuidados. El nivel educativo universitario se asoció a un factor protector. Para los hombres, los riesgos estuvieron relacionados con tener menor edad, empeoramiento en la condiciones laborales y preocupaciones sobre la convivencia en el hogar.&#xd;
&#xd;
Las mujeres de Latinoamérica que convivieron con personas dependientes presentaron peores resultados que las de España. Es necesario desarrollar estrategias intersectoriales y desde los determinantes sociales para prevenir proteger y respaldar la salud mental de quienes conviven con personas dependientes y menores.</subfield>
   </datafield>
   <datafield ind2=" " ind1=" " tag="520">
      <subfield code="a">Project funded by the Instituto de Salud Carlos III, Ministry of Economy and Competitiveness, through the grants for the creation and confguration of Cooperative Research Networks Oriented to Health Results (RICOR), fle RD21/0016/ RD21/0016/0029, cofunded by the European Union  NextGenerationEU.</subfield>
   </datafield>
   <datafield ind1="8" ind2=" " tag="024">
      <subfield code="a">http://hdl.handle.net/11351/13478</subfield>
   </datafield>
   <datafield tag="653" ind2=" " ind1=" ">
      <subfield code="a">Cuidadores - Salut mental</subfield>
   </datafield>
   <datafield tag="653" ind2=" " ind1=" ">
      <subfield code="a">Cuidadors - Salut mental</subfield>
   </datafield>
   <datafield tag="653" ind2=" " ind1=" ">
      <subfield code="a">Igualtat entre els sexes</subfield>
   </datafield>
   <datafield tag="653" ind2=" " ind1=" ">
      <subfield code="a">HEALTH CARE::Environment and Public Health::Public Health::Epidemiologic Factors::Syndemic</subfield>
   </datafield>
   <datafield tag="653" ind2=" " ind1=" ">
      <subfield code="a">PSYCHIATRY AND PSYCHOLOGY::Psychological Phenomena::Mental Health</subfield>
   </datafield>
   <datafield tag="653" ind2=" " ind1=" ">
      <subfield code="a">NAMED GROUPS::Persons::Caregivers</subfield>
   </datafield>
   <datafield tag="653" ind2=" " ind1=" ">
      <subfield code="a">Other subheadings::Other subheadings::/psychology</subfield>
   </datafield>
   <datafield tag="653" ind2=" " ind1=" ">
      <subfield code="a">PUBLIC HEALTH::Population Studies in Public Health::Gender Studies::Gender Perspective</subfield>
   </datafield>
   <datafield tag="653" ind2=" " ind1=" ">
      <subfield code="a">Spain</subfield>
   </datafield>
   <datafield tag="653" ind2=" " ind1=" ">
      <subfield code="a">ATENCIÓN DE SALUD::ambiente y salud pública::salud pública::factores epidemiológicos::sindemia</subfield>
   </datafield>
   <datafield tag="653" ind2=" " ind1=" ">
      <subfield code="a">PSIQUIATRÍA Y PSICOLOGÍA::fenómenos psicológicos::salud mental</subfield>
   </datafield>
   <datafield tag="653" ind2=" " ind1=" ">
      <subfield code="a">DENOMINACIONES DE GRUPOS::personas::cuidadores de pacientes</subfield>
   </datafield>
   <datafield tag="653" ind2=" " ind1=" ">
      <subfield code="a">Otros calificadores::Otros calificadores::/psicología</subfield>
   </datafield>
   <datafield tag="653" ind2=" " ind1=" ">
      <subfield code="a">SALUD PÚBLICA::Estudios Poblacionales en Salud Pública::estudios de género::perspectiva de género</subfield>
   </datafield>
   <datafield tag="653" ind2=" " ind1=" ">
      <subfield code="a">España</subfield>
   </datafield>
   <datafield ind2="0" ind1="0" tag="245">
      <subfield code="a">Syndemic, mental health and living with dependent persons in Latin America and Spain: a study with a gender perspective</subfield>
   </datafield>
</record></metadata></record></GetRecord></OAI-PMH>